[Event "Druga liga Srbije grupa Vojvodina 2015"]
[Site "Novi Sad"]
[Date "2015.11.16"]
[Round "8.1"]
[White "Kazakov, Mikhail"]
[Black "Almasi, Istvan"]
[Result "1/2-1/2"]
[WhiteElo "2488"]
[BlackElo "2433"]
[PlyCount "20"]
[EventDate "2015.11.10"]

1. e4 e6 2. d4 d5 3. Nd2 dxe4 4. Nxe4 Nd7 5. Nf3 Ngf6 6. Bg5 h6 7. Bxf6 Nxf6 8.
Nxf6+ Qxf6 9. Ne5 Bd6 10. Qe2 O-O 1/2-1/2

[Event "Druga liga Srbije grupa Vojvodina 2015"]
[Site "Novi Sad"]
[Date "2015.11.16"]
[Round "8.1"]
[White "Leskur, Dejan"]
[Black "Bulajic, Ratko"]
[Result "1/2-1/2"]
[WhiteElo "2376"]
[BlackElo "2325"]
[PlyCount "20"]
[EventDate "2015.11.10"]

1. d4 Nf6 2. Nf3 d6 3. c3 Nbd7 4. Bg5 g6 5. Nbd2 Bg7 6. e4 e5 7. dxe5 dxe5 8.
Be2 O-O 9. Qc2 h6 10. Bh4 c6 1/2-1/2

[Event "Druga liga Srbije grupa Vojvodina 2015"]
[Site "Novi Sad"]
[Date "2015.11.16"]
[Round "8.2"]
[White "Jacimovic, Dragoljub"]
[Black "Indjic, Dusan"]
[Result "1/2-1/2"]
[WhiteElo "2409"]
[BlackElo "2281"]
[PlyCount "37"]
[EventDate "2015.11.10"]

1. d4 Nf6 2. c4 e6 3. Nc3 d5 4. cxd5 exd5 5. Bg5 Be7 6. e3 O-O 7. Bd3 Re8 8.
Qc2 Nbd7 9. Nf3 Nf8 10. h3 c6 11. Bf4 Ng6 12. Bh2 Bd6 13. Bxd6 Qxd6 14. O-O-O
Be6 15. Kb1 b6 16. Rc1 Rec8 17. Ng5 Bd7 18. h4 c5 19. h5 1/2-1/2

[Event "Druga liga Srbije grupa Vojvodina 2015"]
[Site "Novi Sad"]
[Date "2015.11.16"]
[Round "8.2"]
[White "Stamenkovic, Aleksandar"]
[Black "Vlahovic, Bogdan"]
[Result "1/2-1/2"]
[WhiteElo "2258"]
[BlackElo "2321"]
[PlyCount "25"]
[EventDate "2015.11.10"]

1. d4 Nf6 2. Nf3 b6 3. e3 Bb7 4. Bd3 g6 5. O-O Bg7 6. Nbd2 O-O 7. b3 c5 8. Bb2
Nc6 9. a3 cxd4 10. exd4 d5 11. Qe2 e6 12. Rfd1 Nh5 13. g3 1/2-1/2

[Event "Druga liga Srbije grupa Vojvodina 2015"]
[Site "Novi Sad"]
[Date "2015.11.16"]
[Round "8.2"]
[White "Dimitrijevic, Nenad"]
[Black "Stanojevic, Branko"]
[Result "1/2-1/2"]
[WhiteElo "2166"]
[BlackElo "2229"]
[PlyCount "30"]
[EventDate "2015.11.10"]

1. e4 c5 2. Nf3 e6 3. d4 cxd4 4. Nxd4 Nf6 5. Bd3 a6 6. O-O Qc7 7. c4 d6 8. Nc3
Be7 9. Be3 Nbd7 10. Rc1 O-O 11. f3 b6 12. b3 Bb7 13. Qd2 Rac8 14. Qf2 Qb8 15.
g4 Ne5 1/2-1/2

[Event "Druga liga Srbije grupa Vojvodina 2015"]
[Site "Novi Sad"]
[Date "2015.11.16"]
[Round "8.2"]
[White "Kovacevic, Dragan"]
[Black "Radlovacki, Jovan"]
[Result "1/2-1/2"]
[WhiteElo "2265"]
[BlackElo "2381"]
[PlyCount "63"]
[EventDate "2015.11.10"]

1. e4 c6 2. d4 d5 3. exd5 cxd5 4. h3 Nc6 5. Nf3 Bf5 6. Bd3 Bxd3 7. Qxd3 Qc7 8.
c3 e6 9. Be3 Qb6 10. Qc2 Qa6 11. Ne5 Nge7 12. Nd2 Rc8 13. Nd3 Nf5 14. Nb3 b6
15. Qe2 Be7 16. Bf4 h5 17. Ne5 Qxe2+ 18. Kxe2 Nxe5 19. Bxe5 h4 20. Nc1 Kd7 21.
Nd3 Rhe8 22. Rhe1 f6 23. Bh2 g5 24. a4 a6 25. a5 b5 26. Kd2 Rc6 27. b4 Rec8 28.
Rac1 Rc4 29. Re2 Nxd4 30. cxd4 Bxb4+ 31. Nxb4 Rxc1 32. Nxa6 1/2-1/2

[Event "Druga liga Srbije grupa Vojvodina 2015"]
[Site "Novi Sad"]
[Date "2015.11.16"]
[Round "8.2"]
[White "Marinovic, Bozidar"]
[Black "Kovacevic, Djordje"]
[Result "1/2-1/2"]
[WhiteElo "2391"]
[BlackElo "2089"]
[PlyCount "103"]
[EventDate "2015.11.10"]

1. e4 Nf6 2. e5 Nd5 3. d4 d6 4. c4 Nb6 5. exd6 exd6 6. Nc3 Be7 7. Be3 O-O 8. h3
Nc6 9. Nf3 Bf6 10. Rc1 d5 11. c5 Nc4 12. Nxd5 Nxe3 13. Nxf6+ Qxf6 14. fxe3 Qh6
15. Kf2 Re8 16. Qd2 Bf5 17. Bd3 Bxd3 18. Qxd3 Rad8 19. a3 Ne5 20. Nxe5 Rxe5 21.
Rhf1 Re6 22. Rc3 Rde8 23. Qd2 c6 24. b4 g5 25. Kg1 g4 26. hxg4 Rxe3 27. d5 cxd5
28. Qxd5 Qe6 29. Qg5+ Kf8 30. Rxe3 Qxe3+ 31. Qxe3 Rxe3 32. Rf3 Re4 33. Rh3 a5
34. Rb3 Rc4 35. Kf2 axb4 36. axb4 Rxg4 37. b5 Ke7 38. Kf3 h5 39. Re3+ Kd7 40.
Rd3+ Kc7 41. Rd5 Rb4 42. b6+ Kc6 43. Rxh5 Rc4 44. Rf5 Rxc5 45. Rf6+ Kb5 46. g4
Rc6 47. Rxf7 Rxb6 48. g5 Ka6 49. Ke4 Rb1 50. g6 b5 51. Kf5 b4 52. Rc7 1/2-1/2

[Event "Druga liga Srbije grupa Vojvodina 2015"]
[Site "Novi Sad"]
[Date "2015.11.16"]
[Round "8.2"]
[White "Skoko, Milan"]
[Black "Drazic, Sinisa"]
[Result "0-1"]
[WhiteElo "2169"]
[BlackElo "2426"]
[PlyCount "120"]
[EventDate "2015.11.10"]

1. e4 Nf6 2. e5 Nd5 3. c4 Nb6 4. c5 Nd5 5. Nc3 c6 6. Nxd5 cxd5 7. d4 Nc6 8. Nf3
b6 9. cxb6 Qxb6 10. Be2 e6 11. O-O Be7 12. b3 O-O 13. Bd3 Ba6 14. a3 Rab8 15.
b4 Bxd3 16. Qxd3 a5 17. bxa5 Qxa5 18. Bg5 h6 19. Bxe7 Nxe7 20. Rfb1 Nc6 21. h4
Qa4 22. h5 Rfc8 23. g4 Qc4 24. Qe3 Qc2 25. Rc1 Qe4 26. Qxe4 dxe4 27. Nd2 Nxd4
28. Rxc8+ Rxc8 29. Nxe4 Nf3+ 30. Kg2 Nxe5 31. f3 d5 32. Nd6 Rc2+ 33. Kg3 Kf8
34. a4 Ke7 35. Nb5 Nc6 36. Ra3 Kd7 37. f4 Rc4 38. g5 Rb4 39. Nc3 Na5 40. Ne2 f6
41. g6 Kd6 42. Kf3 e5 43. fxe5+ fxe5 44. Ng3 Ke6 45. Kf2 Rb2+ 46. Kg1 e4 47.
Ra1 Nb3 48. Rf1 Nc5 49. Nf5 Rb7 50. Nd4+ Ke5 51. Nc6+ Kd6 52. Nd8 Rd7 53. Nf7+
Ke6 54. a5 d4 55. Rc1 d3 56. Kf2 Nb3 57. Rb1 d2 58. Rd1 Nxa5 59. Ke2 Nc4 60.
Ra1 Ke7 0-1

[Event "Druga liga Srbije grupa Vojvodina 2015"]
[Site "Novi Sad"]
[Date "2015.11.16"]
[Round "8.3"]
[White "Varga, Zoltan"]
[Black "Grujic, Zoran"]
[Result "1/2-1/2"]
[WhiteElo "2447"]
[BlackElo "2323"]
[PlyCount "22"]
[EventDate "2015.11.10"]

1. d4 Nf6 2. c4 g6 3. Nc3 Bg7 4. Nf3 O-O 5. g3 d6 6. Bg2 c5 7. O-O Nc6 8. h3
cxd4 9. Nxd4 Nxd4 10. Qxd4 Be6 11. Qd3 Qc8 1/2-1/2

[Event "Druga liga Srbije grupa Vojvodina 2015"]
[Site "Novi Sad"]
[Date "2015.11.16"]
[Round "8.3"]
[White "Savanovic, Vuk"]
[Black "Farkas, Tibor"]
[Result "1/2-1/2"]
[WhiteElo "2279"]
[BlackElo "2254"]
[PlyCount "29"]
[EventDate "2015.11.10"]

1. e4 e6 2. d4 d5 3. Nc3 dxe4 4. Nxe4 Nd7 5. Nf3 Ngf6 6. Bg5 Be7 7. Bxf6 Nxf6
8. Bd3 O-O 9. O-O b6 10. Nxf6+ Bxf6 11. Be4 Rb8 12. Ne5 Bxe5 13. dxe5 Bb7 14.
Qf3 Bxe4 15. Qxe4 1/2-1/2

[Event "Druga liga Srbije grupa Vojvodina 2015"]
[Site "Novi Sad"]
[Date "2015.11.16"]
[Round "8.4"]
[White "Petakov, Uros"]
[Black "Milanovic, Stanko"]
[Result "1/2-1/2"]
[WhiteElo "2335"]
[BlackElo "2178"]
[PlyCount "112"]
[EventDate "2015.11.10"]

1. d4 Nf6 2. Nf3 e6 3. e3 c5 4. Bd3 b6 5. O-O Bb7 6. c4 Be7 7. Nc3 cxd4 8. exd4
d5 9. cxd5 Nxd5 10. Bb5+ Bc6 11. Qa4 Bxb5 12. Qxb5+ Qd7 13. Nxd5 exd5 14. Qb3
O-O 15. Ne5 Qb7 16. Re1 Bd6 17. Bf4 Na6 18. Re3 Nc7 19. Nd3 Rad8 20. Bxd6 Rxd6
21. Re7 Re6 22. Nc5 Qc6 23. Nxe6 Nxe6 24. Qc3 Qd6 25. Rxa7 h5 26. Rc1 h4 27. g3
h3 28. Kf1 Ng5 29. Qa3 Qe6 30. Re7 Qf6 31. Re5 g6 32. Qe7 Qxe7 33. Rxe7 Nf3 34.
Ke2 Nxd4+ 35. Kd3 Nf3 36. Ke3 Nxh2 37. Rh1 Ng4+ 38. Kf3 Nf6 39. Rxh3 Rc8 40.
Re2 Rc1 41. Rh4 Ne4 42. Ke3 g5 43. Rh3 Kg7 44. f3 Nd6 45. Kf2 Rd1 46. Rh2 d4
47. Re1 Rd3 48. Rhh1 Rd2+ 49. Re2 Rd3 50. Rc1 Nf5 51. Rg1 Ne3 52. Rge1 Nd1+ 53.
Kg2 Kf6 54. Re4 Nxb2 55. Rb1 Rd2+ 56. Kf1 Rh2 1/2-1/2

[Event "Druga liga Srbije grupa Vojvodina 2015"]
[Site "Novi Sad"]
[Date "2015.11.16"]
[Round "8.4"]
[White "Vasic, Lazar"]
[Black "Kokeza, Mirko"]
[Result "1-0"]
[WhiteElo "2059"]
[BlackElo "2253"]
[PlyCount "95"]
[EventDate "2015.11.10"]

1. e4 g6 2. d4 Bg7 3. Nc3 c5 4. Nf3 cxd4 5. Nxd4 Nc6 6. Be3 Nf6 7. Bc4 O-O 8.
Bb3 a5 9. f3 d5 10. exd5 Nb4 11. Ndb5 a4 12. Bc4 a3 13. O-O axb2 14. Rb1 Bf5
15. Rf2 Ra5 16. a4 Qc8 17. Bb3 Ra6 18. Bd4 Rd8 19. Qd2 Nbxd5 20. Nxd5 Nxd5 21.
Bxg7 Kxg7 22. Qd4+ Nf6 23. Qxb2 h5 24. Qe5 Qd7 25. h4 Rc6 26. Re1 Be6 27. Qb2
Bxb3 28. cxb3 Re6 29. Rfe2 Rxe2 30. Rxe2 Qd1+ 31. Kh2 Rd7 32. Qc2 Qf1 33. Rf2
Qe1 34. Qe2 Qc1 35. Qe5 Rd1 36. Re2 Rh1+ 37. Kg3 Qg1 38. Qg5 Qh2+ 39. Kf2 Qg1+
40. Kg3 e6 41. Qe5 Qh2+ 42. Kf2 Qxh4+ 43. Ke3 Re1 44. Nd6 Kh7 45. Kd3 Rd1+ 46.
Rd2 Rxd2+ 47. Kxd2 Qf2+ 48. Qe2 1-0

[Event "Druga liga Srbije grupa Vojvodina 2015"]
[Site "Novi Sad"]
[Date "2015.11.16"]
[Round "8.4"]
[White "Majstorovic, Stanko"]
[Black "Mik, Aurel"]
[Result "1-0"]
[WhiteElo "2218"]
[BlackElo "2062"]
[PlyCount "97"]
[EventDate "2015.11.10"]

1. e4 e5 2. Nf3 Nf6 3. Nxe5 d6 4. Nf3 Nxe4 5. d4 d5 6. Bd3 Bd6 7. h3 O-O 8. O-O
Nd7 9. c4 c6 10. Nc3 Nxc3 11. bxc3 dxc4 12. Bxc4 Nb6 13. Bb3 Bf5 14. Bg5 Qd7
15. Qd2 Be4 16. Ne5 Qc7 17. Rfe1 Bf5 18. Qf4 Bg6 19. Qh4 Nd5 20. Nxg6 hxg6 21.
c4 Nf6 22. Bxf6 gxf6 23. c5 Bh2+ 24. Kh1 Kg7 25. g3 Rh8 26. Qg4 f5 27. Qf3 Rxh3
28. Kg2 Rah8 29. d5 cxd5 30. Qc3+ f6 31. Re6 d4 32. Qe1 Qxc5 33. Re7+ Kh6 34.
Kxh3 Kg5+ 35. Kg2 Qc6+ 36. f3 f4 37. Qe6 Qxe6 38. Rxe6 Bxg3 39. Rh1 Rd8 40. Rd1
Rd7 41. Rd3 b5 42. Re4 a5 43. Rdxd4 Rc7 44. Rd5+ f5 45. Rxb5 Rh7 46. Re6 Rh2+
47. Kg1 Rf2 48. Rbb6 Rxf3 49. Rxg6+ 1-0

[Event "Druga liga Srbije grupa Vojvodina 2015"]
[Site "Novi Sad"]
[Date "2015.11.16"]
[Round "8.4"]
[White "Zegarac, Vuk"]
[Black "Tomic, Vjekoslav"]
[Result "1-0"]
[WhiteElo "2143"]
[BlackElo "2232"]
[PlyCount "71"]
[EventDate "2015.11.10"]

1. d4 Nf6 2. Nc3 d5 3. Bg5 Nbd7 4. Nf3 e6 5. e4 dxe4 6. Nxe4 Be7 7. Bxf6 Nxf6
8. Bd3 O-O 9. Nxf6+ Bxf6 10. Qe2 Qd5 11. c3 c5 12. Be4 Qh5 13. dxc5 Qxc5 14.
O-O Rb8 15. Rad1 b5 16. a3 a5 17. Nd4 Bb7 18. Bxb7 Rxb7 19. Qe4 Rc7 20. Nb3 Qb6
21. Rd2 Rc4 22. Qe2 Rfc8 23. Rfd1 h6 24. Rd6 R4c6 25. Rd7 b4 26. cxb4 axb4 27.
a4 Qa6 28. Qh5 Rf8 29. Na5 Rc2 30. b3 Qb6 31. R7d2 Rc3 32. Nc4 Qc6 33. Rb1 Rxb3
34. Rxb3 Qxc4 35. Qd1 Ra8 36. Rb1 1-0

[Event "Druga liga Srbije grupa Vojvodina 2015"]
[Site "Novi Sad"]
[Date "2015.11.16"]
[Round "8.4"]
[White "Petrovic, Vladan"]
[Black "Mehandzic, Georgije"]
[Result "1-0"]
[WhiteElo "1960"]
[BlackElo "2100"]
[PlyCount "46"]
[EventDate "2015.11.10"]

1. e4 c6 2. d4 d5 3. Nc3 dxe4 4. Nxe4 e5 5. Nf3 exd4 6. Qxd4 Qxd4 7. Nxd4 f5 8.
Ng5 Nf6 9. Bc4 Nd5 10. O-O Be7 11. Re1 g6 12. Bxd5 cxd5 13. Nb5 Kd7 14. Nf7 Rf8
15. Ne5+ Kd8 16. Bh6 Re8 17. Nf7+ Kd7 18. Rad1 Kc6 19. Nbd6 Bxd6 20. Rxe8 Na6
21. Nxd6 Kxd6 22. Rd8+ Kc6 23. Rd3 b6 1-0

[Event "Druga liga Srbije grupa Vojvodina 2015"]
[Site "Novi Sad"]
[Date "2015.11.16"]
[Round "8.5"]
[White "Ivic, Velimir"]
[Black "Mladenovic, Dusan"]
[Result "1-0"]
[WhiteElo "2268"]
[BlackElo "2104"]
[PlyCount "65"]
[EventDate "2015.11.10"]

1. e4 c6 2. d4 d5 3. e5 Bf5 4. c4 Bxb1 5. Rxb1 Qa5+ 6. Bd2 Qb6 7. Nf3 dxc4 8.
Bxc4 e6 9. O-O Ne7 10. Qe1 Qd8 11. Qe4 h6 12. h4 Nd7 13. h5 Nb6 14. Bb3 Nbd5
15. Nh4 Qd7 16. f4 Nf5 17. Nxf5 exf5 18. Qd3 Qe6 19. a3 Be7 20. Bc2 g6 21. g4
Rg8 22. gxf5 gxf5+ 23. Kh2 Rg4 24. Qxf5 O-O-O 25. Qxe6+ fxe6 26. Bg6 Rf8 27.
Kh3 Rh4+ 28. Kg3 Rg8 29. Rh1 Rxh1 30. Rxh1 Kd7 31. Kh3 c5 32. f5 cxd4 33. Bf7
1-0

[Event "Druga liga Srbije grupa Vojvodina 2015"]
[Site "Novi Sad"]
[Date "2015.11.16"]
[Round "8.5"]
[White "Desnica, Vladan"]
[Black "Azaric, Slavko"]
[Result "0-1"]
[WhiteElo "2269"]
[BlackElo "2336"]
[PlyCount "108"]
[EventDate "2015.11.10"]

1. d4 Nf6 2. c4 d6 3. Nf3 Nbd7 4. Nc3 e5 5. g3 g6 6. Bg2 Bg7 7. O-O O-O 8. b3
Re8 9. e3 c6 10. Ba3 Qa5 11. Qc1 e4 12. Nd2 d5 13. b4 Qd8 14. cxd5 cxd5 15. Nb5
Re6 16. Qc7 Qf8 17. Rfc1 a6 18. Qa5 b6 19. Qa4 Ne8 20. Rc3 Ne5 21. Nc7 Nxc7 22.
Rxc7 b5 23. Qc2 Nc4 24. Nxc4 bxc4 25. Rc5 Qd8 26. Rb1 Rb8 27. Qa4 Bf8 28. Qa5
Qxa5 29. Rxa5 Rb5 30. Rxb5 axb5 31. Bc1 Ra6 32. a3 Bg4 33. Bb2 h5 34. Rc1 Be7
35. h3 Bf3 36. Bxf3 exf3 37. Ra1 Kg7 38. Bc3 Kf6 39. Bb2 Kf5 40. Rc1 Ke4 41.
Rc3 h4 42. g4 f5 43. Kh1 Bd6 44. Bc1 fxg4 45. hxg4 h3 46. Bd2 Ra7 47. Be1 Bxb4
48. axb4 Ra1 49. Kh2 Rxe1 50. Kxh3 g5 51. Kg3 Rg1+ 52. Kh3 Rb1 53. Ra3 Rxb4 54.
Ra8 c3 0-1

[Event "Druga liga Srbije grupa Vojvodina 2015"]
[Site "Novi Sad"]
[Date "2015.11.16"]
[Round "8.5"]
[White "Sekulic, Dusan"]
[Black "Banovic, Ivan"]
[Result "0-1"]
[WhiteElo "2259"]
[BlackElo "2185"]
[PlyCount "138"]
[EventDate "2015.11.10"]

1. d4 Nf6 2. Nf3 g6 3. c4 Bg7 4. g3 O-O 5. Bg2 d6 6. Nc3 Nc6 7. O-O a6 8. h3
Bd7 9. e4 e5 10. Be3 exd4 11. Nxd4 Qc8 12. Kh2 Ne5 13. Qe2 c5 14. Nc2 Be6 15.
Nd5 Bxd5 16. cxd5 b5 17. b3 Re8 18. Rac1 Qd8 19. f4 Ned7 20. Qd3 Rc8 21. Rfe1
c4 22. bxc4 Rxc4 23. Nd4 Nc5 24. Qb1 Rxc1 25. Rxc1 Nfxe4 26. Ne6 fxe6 27. Bxe4
Nxe4 28. Qxe4 exd5 29. Qxd5+ Kh8 30. Bf2 h6 31. Rc2 Qd7 32. Kg2 Qe6 33. Qxe6
Rxe6 34. Rc8+ Kh7 35. Rc7 Kg8 36. Rc8+ Kf7 37. Rc7+ Re7 38. Rc6 Re2 39. Kf3
Rxa2 40. Rxd6 Bf8 41. Rd7+ Ke6 42. Rb7 Ra3+ 43. Ke4 Ra4+ 44. Kf3 b4 45. g4 Kd5
46. f5 Ra3+ 47. Kg2 gxf5 48. gxf5 b3 49. f6 a5 50. Rb5+ Kc4 51. Rb8 Bb4 52. f7
b2 53. Rxb4+ axb4 54. f8=Q b1=Q 55. Qf7+ Kc3 56. Qf6+ Kc2 57. Qxh6 Qd1 58. Qg6+
Qd3 59. Qg4 Ra6 60. Qc8+ Kb1 61. Qb7 Rg6+ 62. Kh2 Qd6+ 63. Kh1 Qc6+ 64. Qxc6
Rxc6 65. Kg2 Kc2 66. Bd4 Rc3 67. h4 b3 68. Bxc3 Kxc3 69. h5 b2 0-1

[Event "Druga liga Srbije grupa Vojvodina 2015"]
[Site "Novi Sad"]
[Date "2015.11.16"]
[Round "8.5"]
[White "Remecki, Sinisa"]
[Black "Mastrapovic, Vladimir"]
[Result "1/2-1/2"]
[WhiteElo "2206"]
[BlackElo "2288"]
[PlyCount "81"]
[EventDate "2015.11.10"]

1. e4 c5 2. Nf3 Nc6 3. Bb5 Nf6 4. d3 Qc7 5. O-O g6 6. Nc3 a6 7. Bxc6 Qxc6 8.
Bf4 d6 9. h3 Bg7 10. Qd2 O-O 11. Bh6 Nd7 12. Nd5 Re8 13. Bxg7 Kxg7 14. c4 e6
15. Qc3+ f6 16. Ne3 b5 17. Rfe1 Bb7 18. b3 b4 19. Qd2 Red8 20. d4 Qc7 21. d5 e5
22. Ng4 Nf8 23. Qh6+ Kf7 24. Re3 Qe7 25. Nh4 Kg8 26. Rf3 Nd7 27. Rg3 Qg7 28.
Nf5 Qf8 29. Qxf8+ Kxf8 30. Nxd6 Rdb8 31. Rd3 a5 32. Nxb7 Rxb7 33. Ne3 a4 34.
Rad1 axb3 35. axb3 Ra2 36. R3d2 Rba7 37. Rxa2 Rxa2 38. g3 Ke7 39. Kg2 Kd6 40.
Kf3 Rb2 41. Rd3 1/2-1/2

[Event "Druga liga Srbije grupa Vojvodina 2015"]
[Site "Novi Sad"]
[Date "2015.11.16"]
[Round "8.5"]
[White "Vujasinovic, Mihajlo"]
[Black "Popov, Sinisa Dj"]
[Result "1-0"]
[WhiteElo "2155"]
[BlackElo "2130"]
[PlyCount "91"]
[EventDate "2015.11.10"]

1. c4 Nc6 2. Nc3 e5 3. Nf3 Nf6 4. g3 h6 5. d3 Bb4 6. Bd2 a5 7. Bg2 O-O 8. O-O
Re8 9. e4 d6 10. Rb1 Bg4 11. h3 Bxf3 12. Bxf3 Bc5 13. a3 Nh7 14. Bg2 Nf8 15.
Kh2 Ng6 16. h4 Nxh4 17. gxh4 Qxh4+ 18. Bh3 Re6 19. Qg4 Qd8 20. Nd5 Rg6 21. Qh5
Nd4 22. Bf5 c6 23. Nc3 Rf6 24. Rg1 Kf8 25. Be3 g6 26. Qxh6+ Ke7 27. Bg4 Ne6 28.
Bxe6 Bxe3 29. fxe3 Kxe6 30. Rbf1 Rxf1 31. Rxf1 Qh8 32. Qxh8 Rxh8+ 33. Kg2 f6
34. Rh1 Rxh1 35. Kxh1 Kd7 36. Kg2 b6 37. d4 Kc7 38. b3 Kd7 39. Kf3 Kc7 40. b4
axb4 41. axb4 f5 42. b5 fxe4+ 43. Kxe4 exd4 44. exd4 Kd7 45. d5 cxb5 46. cxb5
1-0

[Event "Druga liga Srbije grupa Vojvodina 2015"]
[Site "Novi Sad"]
[Date "2015.11.16"]
[Round "8.5"]
[White "Topalov, Aleksandar"]
[Black "Jovanovic, Miroslav T"]
[Result "0-1"]
[WhiteElo "2251"]
[BlackElo "1938"]
[PlyCount "70"]
[EventDate "2015.11.10"]

1. b3 e5 2. Bb2 Nc6 3. e3 d6 4. Nf3 Nf6 5. c4 Be7 6. d4 exd4 7. Nxd4 Bd7 8. Nc3
a6 9. Be2 Rb8 10. O-O O-O 11. Rc1 Qe8 12. Qd3 Bd8 13. Rfe1 Ne5 14. Qd2 Ng6 15.
f3 h6 16. Bd3 c6 17. Nf5 Bxf5 18. Bxf5 Bc7 19. Qd4 Qe7 20. Ne4 Ne8 21. Ng3 Kh8
22. Qg4 Ne5 23. Qh3 Nf6 24. f4 Ng6 25. Bb1 Kg8 26. Nf5 Qd8 27. Nxh6+ gxh6 28.
Qxh6 Qe7 29. h4 Bb6 30. f5 Ne5 31. c5 Bxc5 32. Rxc5 dxc5 33. Rf1 Neg4 34. Qg5+
Kh7 35. Qxg4 Qxe3+ 0-1